Sportif à son sport - Click Quiz - Statistiques

Statistiques générales
  • Ce quiz a été pris 16 329 fois
  • Le résultat moyen est 13 sur 20
Statistiques - réponses
Hint Réponse % Correct
Michael Jordan Basketball
99%
Teddy Riner Judo
94%
Michael Schumacher Formule 1
88%
Nikola Karabatic Handball
82%
Tiger Woods Golf
81%
Sébastien Loeb Rallye
79%
Michael Phelps Natation
78%
Martin Fourcade Biathlon
73%
Armand Duplantis Saut à la perche
70%
Tom Brady Football Américain
69%
Megan Rapinoe Football
68%
Valentino Rossi MotoGP
68%
Tony Hawk Skateboard
59%
Jonah Lomu Rugby
57%
Eddy Merckx Cyclisme
56%
Amélie Mauresmo Tennis
53%
Jappeloup Équitation
49%
Nadia Comăneci Gymnastique
44%
Surya Bonali Patinage artistique
38%
Lindsey Vonn Ski alpin
37%
Aucun quiz correspondant
Distribution des résultats
% des personnes avec chaque résultat
Percentile par nombre de réponses
Votre historique - résultats
Vous n’avez pas pris ce quiz